| 000 | 01319nam a2200301 u 4500 | ||
|---|---|---|---|
| 001 | 000057138 | ||
| 005 | 20200120223441.0 | ||
| 008 | 130626s2009 ck a br 000 j spa d | ||
| 020 | _a9789584517500. | ||
| 041 | 0 | _aspa | |
| 043 | _ae-uk-en | ||
| 090 |
_aC _bALMm |
||
| 100 | 1 |
_aAlmond David _d1951- |
|
| 245 | 1 | 0 |
_aMi papá es un hombre pájaro / _cDavid Almond ; traducció Adriana Delgado ; ilustraciones Polly Dunbar. |
| 260 |
_aBogotá : _bNorma, _c2009. |
||
| 300 |
_a157 p. : _bil. |
||
| 490 | 0 |
_aTorre de papel _pTorre azul |
|
| 500 | _aTítulo original : My dad's a birdman | ||
| 520 | 0 | 3 | _a"En una ciudad lluviosa al norte de Inglaterra, cosas extraas estn pasando. Pap est armando un par de alas, comiento moscas y arreglando un nido. La ta Dorita est empanaditas. El seor Pop esta recorriendo las calles gritando aletazos. Y viendo todo esto est Isabelita; quin extraa a su mam y tiene que cuidar de su padre mientras piensa qu hermosos son los pjaros ". |
| 650 | 1 | 4 | _aCuento infantil inglés |
| 650 | 2 | 4 | _aLiteratura infantil inglesa. |
| 650 | 2 | 4 | _aAventuras en la infantil colombiana. |
| 650 | 2 | 4 | _aFantasía en la literatura. |
| 650 | 2 | 4 | _aCiudades en la literatura. |
| 650 | 2 | 4 | _aNiños en la literatura. |
| 700 | 1 |
_aDunbar, Polly, _eilustrador. |
|
| 700 | 1 |
_aDelgado, Adriana _etraductor. |
|
| 999 |
_c6434 _d6434 |
||